=LDR 00000nam 2200000 4500 =001 INLIS000000000025952 =005 20130612124426 =008 ***********************************ind** =035 ##$$0010-061300000025952 =041 ##$$a ind =082 ##$$a 616.5 =090 ##$$a 616.5, AND d =100 ##$$a Andrianto, Petrus =245 ##$$a Dermatovenerologi, Kapita Selekta, Petrus Andrianto, Tan Eng Tie =260 ##$$a 1988 $b Jakarta =300 ##$$a ix, 166 hlm., 25 cm =650 ##$$a Kulit =650 ##$$a Penyakit =700 ##$$a Tan, Eng Tie =850 ##$$a NBPNMAT